| 000 | 01012nas a2200349 4500 | ||
|---|---|---|---|
| 001 | BR0701726 | ||
| 003 | BR-BrBNA | ||
| 005 | 20231205110705.0 | ||
| 007 | ta | ||
| 008 | 230509b bl.|||p| |||| 00| 00por d | ||
| 040 |
_aBR-BrBNA _bpor _cBiblioteca Nacional de Agricultura |
||
| 041 | _a(Pt) | ||
| 072 | _aM12 | ||
| 100 | 1 | _aFeiden, A. | |
| 100 | 1 | _aBoscolo, W.R. | |
| 100 | 1 | _aSignor, A. | |
| 100 | 1 | _aSignor, A.A. | |
| 100 | 1 | _aReidel, A. | |
| 245 | 1 | _aFarinha de resíduos da filetagem de tilápia em rações para alevinos de tilápia do Nilo (Oreochromis niloticus) | |
| 650 | _aTILÁPIA NILÓTICA | ||
| 650 | _aFARINHA DE PEIXE | ||
| 650 | _aRAÇÃO | ||
| 650 | _aALEVINO | ||
| 650 | _aNUTRIÇÃO ANIMAL | ||
| 650 | _aPESO | ||
| 650 | _aCONVERSÃO ALIMENTAR | ||
| 650 | _aSOBREVIVÊNCIA | ||
| 650 | _aPERFORMANCE | ||
| 773 | 0 |
_tSemina (Brazil) _xISSN 1676-546X _g(Apr-Jun 2005), v. 26(2) p. 249-256 _wBR0701726 |
|
| 909 |
_a202311 _bLúcia _c55 _dLúcia Elande |
||
| 942 |
_2AGRIS _n0 _cANA |
||
| 999 |
_c188568 _d188568 |
||